00871cam a2200229 a 450000100100000000500170001000800410002702000150006804000300008304100380011308200150015110000300016624000340019624501190023026000410034930000290039050400300041953400640044950400580051365100450057170000250061600001735720200929165106.0760304s1975 ja b 000 1 eng d a0860082512 aDO-SdBNPcDLCdDLCdBNPHU17aenghjpn2Código de idioma MARC annnnbU22t1 aUeda Akinari,d1734-1809.10aHarusame monogatari.lEnglish10aTales of the spring rain :bHarusame monogatari /cUeda Akinari ; translated and with an introd. by Barry Jackman. aTokyo :bUniversity of Tokyo,c1975. axxxiii, 249 p. ;c23 cm. aBibliography: p. 241-249. pTraslated from the japanes original :tHarusame monogatari. aIncludes notes and references at the foot of the page 0aJapanxSocial Life And CustomsvFiction.1 aJackman, Barry,etr.